Normal view
MARC view
- Babu, Sivakumar.
Entry Personal Name
001 - CONTROL NUMBER
- control field: 30476
003 - CONTROL NUMBER IDENTIFIER
- control field: NUST
005 - DATE AND TIME OF LATEST TRANSACTION
- control field: 20200922103335.0
008 - FIXED-LENGTH DATA ELEMENTS
- fixed length control field: 200922|| aca||aabn | a|a d
040 ## - CATALOGING SOURCE
- Original cataloging agency: NUST
- Transcribing agency: NUST
100 ## - HEADING--PERSONAL NAME
- Personal name: Babu, Sivakumar.
670 ## - SOURCE DATA FOUND
- Source citation: Work cat.: (NUST)0: Babu, Sivakumar., Sustainability issues in civil engineering /
